| 000 | 00422nam a22001337a 4500 | ||
|---|---|---|---|
| 020 | _a0071435123 | ||
| 040 | _cNUST | ||
| 082 |
_a658.575 _bMCC |
||
| 100 |
_aMcgrath, Michael E. _955754 |
||
| 245 |
_aNext Generation Product Development: _bHow to increase Productivity,Cut Costs,and Reduce Cycle Times |
||
| 260 |
_aNew York: _bMcGraw-Hill _c2004 |
||
| 650 |
_aNext Generation Product Development _9123921 |
||
| 942 |
_2ddc _cBK |
||
| 999 |
_c609935 _d609935 |
||